| 000 | 01070cab a2200265 4500 | ||
|---|---|---|---|
| 001 | X1030 | ||
| 008 | 090401t1993 xxu||||| |||| 00| 0 eng d | ||
| 035 | _a(Sirsi) u14290 | ||
| 041 | _aeng | ||
| 245 | _aUnicorn Inns plc v SoS Environment and Chelmsford BC | ||
| 260 | _c1993 | ||
| 350 | _a0 | ||
| 490 |
_aJournal of Planning and Environment Law _v1993 JPL 932-938(7) |
||
| 520 | _aQBD 22 September 1992. Rural barn conversion - Green Belt - Public house and restaurant - conditions relating to Sunday opening hours - application to vary - enforcement action - relationship of planning controls to licensing hours - effect of public house on amenities and peaceful enjoyment of residential dwellings - strength of evidence - consideration of Green Belt policies. | ||
| 650 | _aBARN CONVERSION | ||
| 650 | _aGREEN BELT | ||
| 650 | _aLICENSING HOURS | ||
| 650 | _aOPENING HOURS | ||
| 650 | _aPLANNING CONDITIONS | ||
| 650 | _aPUBLIC HOUSE | ||
| 650 | _aSUNDAY TRADING | ||
| 690 | _aPLANNING LAW AND PRACTICE-CASE LAW | ||
| 942 | _n0 | ||
| 948 | _c04/03/1997 | ||
| 999 |
_c9291 _d9291 |
||